Taste of the east
| Format: | Book |
|---|---|
| Subjects: |
MARC
| LEADER | 00000cam a2200000 7i4500 | ||
|---|---|---|---|
| 001 | 0000009692 | ||
| 002 | 000010557 | ||
| 005 | 20000330.0 | ||
| 020 | |a 1860350429 | ||
| 090 | 0 | 0 | |a 641.55 |b DEH |
| 245 | 1 | 0 | |a Taste of the east |
| 300 | |a 256 p. : |b ill. ; |c 31 cm. | ||
| 650 | 0 | 0 | |a Oriental cooking |
| 999 | |a 046938 |b BUKU |c PINJAMAN |e PERPUSTAKAAN KOMUNITI CAW KOTA DAMANSARA | ||
| 999 | |a 048811 |b BUKU |c PINJAMAN |e PERPUSTAKAAN KOMUNITI PETALING JAYA | ||